[Event "Bergische SF- Bergneustadt"]
[Site "?"]
[Date "2023.05.07"]
[Round "8.8"]
[White "Heckoetter, Christian"]
[Black "Sailer, Hans- Peter"]
[Result "1-0"]
[WhiteElo "2012"]
[BlackElo "1905"]
[PlyCount "31"]
[SourceVersionDate "2023.06.22"]

1. d4 Nf6 2. Bg5 e6 3. e3 d5 4. Bd3 c5 5. c3 Be7 6. Nd2 Nc6 7. f4 c4 8. Bc2 b5
9. a3 a5 10. Ngf3 Bb7 11. O-O O-O 12. Ne5 Qd6 13. Rf3 b4 14. Bxf6 Bxf6 15.
Bxh7+ Kxh7 16. Rh3+ 1-0

[Event "Schalksmühle- Ennepe"]
[Site "?"]
[Date "2023.05.07"]
[Round "8.3"]
[White "Heller, Achim"]
[Black "Koelz, Niklas"]
[Result "1-0"]
[WhiteElo "2033"]
[BlackElo "1834"]
[PlyCount "47"]
[SourceVersionDate "2023.06.22"]

1. d4 d5 2. c4 dxc4 3. Nf3 Nf6 4. e3 e6 5. Bxc4 Be7 6. O-O O-O 7. Nc3 b6 8. Qe2
Bb7 9. Rd1 Qc8 10. e4 Ba6 11. Bf4 Bxc4 12. Qxc4 c6 13. Rac1 Qb7 14. Qb3 Rd8 15.
Bg5 Na6 16. e5 Nd5 17. Ne4 Bxg5 18. Nfxg5 h6 19. Nh3 f5 20. exf6 gxf6 21. Nf4
Kf7 22. Qf3 Nac7 23. Qh5+ Ke7 24. Qxh6 1-0

[Event "Schalksmühle- Ennepe"]
[Site "?"]
[Date "2023.05.07"]
[Round "8.4"]
[White "Luettich, Bodo"]
[Black "Arakelian, Aik"]
[Result "1-0"]
[WhiteElo "2074"]
[BlackElo "2001"]
[PlyCount "67"]
[SourceVersionDate "2023.06.22"]

1. d4 Nf6 2. c4 e6 3. Nc3 Bb4 4. Qb3 c5 5. e3 Nc6 6. Nf3 O-O 7. Be2 d5 8. dxc5
Ne4 9. O-O Nxc5 10. Qc2 dxc4 11. Bxc4 b6 12. a3 Bxc3 13. Qxc3 Bb7 14. b4 Ne4
15. Qc2 Ng5 16. Nxg5 Qxg5 17. f4 Qh4 18. Bb2 Ne7 19. Qe2 Rac8 20. Rac1 Rfd8 21.
e4 Rd6 22. Rc3 h5 23. Rg3 Ng6 24. f5 exf5 25. Bxf7+ Kxf7 26. exf5 Kg8 27. fxg6
Bd5 28. Qe5 Rd7 29. Rf7 Rc1+ 30. Bxc1 Bxf7 31. gxf7+ Rxf7 32. Bb2 Kf8 33. Qb8+
Ke7 34. Qxa7+ 1-0

[Event "Schalksmühle- Ennepe"]
[Site "?"]
[Date "2023.05.07"]
[Round "8.5"]
[White "Bruchmann, Norbert"]
[Black "Schmidt, Volker"]
[Result "1-0"]
[WhiteElo "2018"]
[BlackElo "1977"]
[PlyCount "49"]
[SourceVersionDate "2023.06.22"]

1. e4 e6 2. d4 d5 3. Nc3 Nf6 4. Bg5 Bb4 5. e5 h6 6. Bc1 Ne4 7. Qg4 Kf8 8. a3
Bxc3+ 9. bxc3 c5 10. Ne2 Nc6 11. f3 Ng5 12. h4 Nh7 13. Qf4 Ke8 14. Qg3 Kf8 15.
dxc5 Qa5 16. a4 Bd7 17. f4 d4 18. Qd3 Rd8 19. Nxd4 Ne7 20. Qc4 Nd5 21. Rh3 g6
22. f5 gxf5 23. Bxh6+ Ke7 24. c6 Nb6 25. Qb5 1-0

[Event "Schalksmühle- Ennepe"]
[Site "?"]
[Date "2023.05.07"]
[Round "8.6"]
[White "Rieger, Mario"]
[Black "Hess, Olena"]
[Result "0-1"]
[WhiteElo "1774"]
[BlackElo "2055"]
[PlyCount "104"]
[SourceVersionDate "2023.06.22"]

1. d4 d6 2. c4 e5 3. dxe5 dxe5 4. Qxd8+ Kxd8 5. Nf3 f6 6. Nc3 Be6 7. e3 Nd7 8.
Be2 c6 9. O-O Kc7 10. a3 a5 11. e4 Nc5 12. Be3 Nh6 13. h3 Rd8 14. Rfd1 Be7 15.
b4 Rxd1+ 16. Rxd1 axb4 17. axb4 Nd7 18. c5 Ra8 19. Nd2 Ra3 20. Rc1 Nf7 21. Bc4
Nd8 22. Bxe6 Nxe6 23. Nc4 Rb3 24. Bd2 Nf4 25. Kf1 Nd3 26. Rb1 Rxb1+ 27. Nxb1 b6
28. cxb6+ Nxb6 29. Nxb6 Kxb6 30. Ke2 Nxb4 31. Nc3 Kc5 32. Na4+ Kb5 33. Nb2 Bc5
34. f3 Bd4 35. Nd1 Kc4 36. g4 c5 37. h4 Kb3 38. g5 c4 39. gxf6 gxf6 40. f4 c3
41. Bxc3 Bxc3 42. fxe5 Bxe5 43. Ne3 Nc6 44. Kf3 h5 45. Nd5 Nd4+ 46. Ke3 Ne6 47.
Ne7 Ng7 48. Kf3 Kc4 49. Nd5 Kc5 50. Nf4 Bxf4 51. Kxf4 Kd4 52. Kf3 Ne6 0-1

[Event "Schalksmühle- Ennepe"]
[Site "?"]
[Date "2023.05.07"]
[Round "8.7"]
[White "Nasoyan, Maksim"]
[Black "Ertelt, Pornchai"]
[Result "1-0"]
[WhiteElo "1874"]
[BlackElo "1832"]
[PlyCount "71"]
[SourceVersionDate "2023.06.22"]

1. Nf3 f5 2. d3 Nf6 3. e4 d6 4. Nc3 g6 5. h4 Bg7 6. h5 e5 7. hxg6 hxg6 8. Rxh8+
Bxh8 9. Bg5 c6 10. Nh4 Kf7 11. exf5 Bxf5 12. g4 Be6 13. Qf3 Nbd7 14. Qh1 Qb6
15. O-O-O Qxf2 16. Be2 d5 17. Rf1 Qd4 18. Nf3 Qc5 19. Nxe5+ Kg8 20. Nxg6 Bg7
21. Kb1 Bf7 22. d4 Qd6 23. Nh4 Be6 24. Bf4 Qe7 25. g5 Nh7 26. Bd3 Ndf8 27. Ne2
Re8 28. Ng6 Qd7 29. Be5 Nxg6 30. Bxg6 Bxe5 31. Bxe8 Qxe8 32. dxe5 Bg4 33. g6
Nf8 34. Rxf8+ Kxf8 35. Qh8+ Ke7 36. Qh4+ 1-0

[Event "Schalksmühle- Ennepe"]
[Site "?"]
[Date "2023.05.07"]
[Round "8.8"]
[White "Dolgopolyi, Vladimir"]
[Black "Liesendahl, Felix"]
[Result "1-0"]
[WhiteElo "2002"]
[BlackElo "1805"]
[PlyCount "95"]
[SourceVersionDate "2023.06.22"]

1. e4 c5 2. Nf3 d6 3. d4 cxd4 4. Nxd4 Nf6 5. f3 e5 6. Nb3 d5 7. exd5 Qxd5 8.
Qxd5 Nxd5 9. Bb5+ Bd7 10. Bxd7+ Nxd7 11. O-O Rc8 12. c3 Be7 13. Re1 O-O 14.
N1d2 f5 15. Na5 Bc5+ 16. Kh1 b5 17. Ndb3 Bb6 18. a4 a6 19. axb5 axb5 20. Bd2
Rfe8 21. Nb7 Re6 22. Nd4 Bxd4 23. cxd4 Rb6 24. Nc5 Nxc5 25. dxc5 Re6 26. b4 Ne7
27. Ra5 Rb8 28. Kg1 Nc6 29. Ra6 Kf7 30. Kf2 Rd8 31. Bc3 Nd4 32. Ra7+ Kg6 33.
Rb7 Nc6 34. Rxb5 Rd3 35. Re3 e4 36. Rb6 f4 37. Rxd3 exd3 38. b5 Re2+ 39. Kf1
Rc2 40. Rxc6+ Kf5 41. Ba5 Rc1+ 42. Kf2 Rc2+ 43. Ke1 Rxg2 44. b6 Ke5 45. b7 Kd4
46. b8=Q Ke3 47. Re6+ Kxf3 48. Qb7+ 1-0

[Event "Aachen 2- KKS 2"]
[Site "?"]
[Date "2023.05.07"]
[Round "8.2"]
[White "Lamby, Philipp"]
[Black "Langner, Jasper"]
[Result "1/2-1/2"]
[WhiteElo "2160"]
[BlackElo "1991"]
[PlyCount "121"]
[EventDate "2023.??.??"]
[SourceVersionDate "2023.06.22"]
[WhiteTeam "Aachener SV 2"]
[BlackTeam "Klub Kölner SF 2"]

1. d4 Nf6 2. c4 e6 3. Nc3 Bb4 4. e3 O-O 5. Bd3 d5 6. Nf3 dxc4 7. Bxc4 c5 8. a3
Bxc3+ 9. bxc3 b6 10. O-O Qc7 11. Ba2 Bb7 12. Bb2 Nbd7 13. c4 Rad8 14. Qe2 Bc6
15. Nd2 Qb7 16. f3 Rfe8 17. Qf2 Ba4 18. Qg3 Bc2 19. Rac1 Bg6 20. Rfe1 Nb8 21.
d5 exd5 22. Bxf6 gxf6 23. cxd5 Nd7 24. e4 Kh8 25. Qf4 b5 26. g4 Kg7 27. Qe3 c4
28. a4 a6 29. Rb1 Qa8 30. Ra1 Qb8 31. Rab1 Qa8 32. Qc3 h6 33. axb5 axb5 34.
Rxb5 Ne5 35. Ra5 Qc8 36. h3 Qc7 37. Kg2 Nd3 38. Rh1 Nf4+ 39. Kf1 Ra8 40. Rxa8
Rxa8 41. Bxc4 Qc5 42. Nb3 Qb6 43. Rh2 Qc7 44. Rd2 Qd6 45. h4 Nh3 46. Kg2 Nf4+
47. Kh1 Re8 48. Qd4 Re5 49. Nc5 h5 50. g5 Kh7 51. Nb7 Qd7 52. Bf1 Qxb7 53. gxf6
Qb1 54. Rd1 Qb3 55. Bg2 Re8 56. Qd2 Nxg2 57. Kxg2 Ra8 58. d6 Ra2 59. d7 Qxd1
60. Qxa2 Qxd7 61. Qb2 1/2-1/2

[Event "Aachen 2- KKS 2"]
[Site "?"]
[Date "2023.05.07"]
[Round "8.3"]
[White "Schwibbert, Jonas"]
[Black "Huesmann, Thomas"]
[Result "1-0"]
[WhiteElo "2025"]
[BlackElo "2164"]
[PlyCount "71"]
[EventDate "2023.??.??"]
[SourceVersionDate "2023.06.22"]
[WhiteTeam "Klub Kölner SF 2"]
[BlackTeam "Aachener SV 2"]

1. d4 f5 2. Bf4 Nf6 3. e3 e6 4. Bc4 d5 5. Bd3 Bd6 6. Nf3 O-O 7. Nbd2 Ne4 8. h4
c5 9. Ne5 Nxd2 10. Qxd2 c4 11. Be2 Nc6 12. Nxc6 bxc6 13. b3 cxb3 14. axb3 Qe7
15. Bxd6 Qxd6 16. f4 Bd7 17. Ra5 Rfc8 18. Qc3 Rc7 19. Kf2 h6 20. Rha1 Qe7 21.
g3 Kf7 22. Qc5 Qxc5 23. Rxc5 Ke7 24. g4 e5 25. dxe5 fxg4 26. h5 Rb7 27. Kg3 Rb4
28. Rca5 Re4 29. Bxg4 Bxg4 30. Kxg4 Rxe3 31. Rxa7+ Rxa7 32. Rxa7+ Kd8 33. Rxg7
Re2 34. Kf5 Rh2 35. Ke6 Rxc2 36. f5 1-0

[Event "Aachen 2- KKS 2"]
[Site "?"]
[Date "2023.05.07"]
[Round "8.4"]
[White "Meyer, Mario"]
[Black "Goldenstein, Arnd"]
[Result "1-0"]
[WhiteElo "2155"]
[BlackElo "1894"]
[PlyCount "63"]
[EventDate "2023.??.??"]
[SourceVersionDate "2023.06.22"]
[WhiteTeam "Aachener SV 2"]
[BlackTeam "Klub Kölner SF 2"]

1. f4 d5 2. Nf3 Nf6 3. g3 e6 4. Bg2 b5 5. O-O Bb7 6. b3 Nc6 7. Bb2 Bc5+ 8. e3
O-O 9. Qe2 a6 10. d4 Bb6 11. Nbd2 Ne7 12. Ba3 a5 13. b4 Re8 14. Ne5 axb4 15.
Bxb4 Ba5 16. Bxa5 Rxa5 17. Nb3 Ra7 18. Nc5 Qa8 19. Qxb5 Nf5 20. Rfe1 Nd6 21.
Qb2 Bc6 22. Reb1 Nc4 23. Qc1 Nd6 24. Rb4 Nfe4 25. Nxe4 Nxe4 26. Qb2 Nd6 27. Bf1
f6 28. Nf3 Nc4 29. Qc3 Rxa2 30. Rxa2 Qxa2 31. Nd2 Qa3 32. Rxc4 1-0

[Event "Aachen 2- KKS 2"]
[Site "?"]
[Date "2023.05.07"]
[Round "8.5"]
[White "Pragua, Christoph"]
[Black "Heldenbergh, Nils"]
[Result "1-0"]
[WhiteElo "2068"]
[BlackElo "2089"]
[PlyCount "93"]
[EventDate "2023.??.??"]
[SourceVersionDate "2023.06.22"]
[WhiteTeam "Klub Kölner SF 2"]
[BlackTeam "Aachener SV 2"]

1. d4 f5 2. g3 Nf6 3. Bg2 g6 4. Nf3 Bg7 5. O-O O-O 6. b3 d6 7. Bb2 c6 8. Nbd2
Qe8 9. a4 Na6 10. Nc4 Be6 11. Nfd2 Bf7 12. f3 c5 13. c3 Rd8 14. e4 e5 15. d5
Qd7 16. Bh3 Qc7 17. Qe2 f4 18. Kh1 Bh6 19. Rg1 Qe7 20. Rad1 Kh8 21. Bc1 Be8 22.
Nf1 Bd7 23. Qg2 g5 24. Bxd7 Qxd7 25. g4 Nc7 26. Nfd2 Rb8 27. Bb2 Ng8 28. Qf2
Rf6 29. Rge1 Bf8 30. Kg2 Rh6 31. Rh1 Rh4 32. h3 Ne7 33. Nxd6 Qxd6 34. Nc4 Qf6
35. d6 Nc6 36. dxc7 Rc8 37. Rd5 Rxc7 38. Qd2 Kg8 39. Ba3 b6 40. Nd6 Rh6 41. Ne8
Qe7 42. Nxc7 Qxc7 43. Rd7 Qc8 44. Qd5+ Kh8 45. Rd1 Rg6 46. b4 cxb4 47. cxb4 1-0

[Event "Aachen 2- KKS 2"]
[Site "?"]
[Date "2023.05.07"]
[Round "8.6"]
[White "Weinkauf, Viktor"]
[Black "Lemaic, Mile"]
[Result "0-1"]
[WhiteElo "1985"]
[BlackElo "1971"]
[PlyCount "96"]
[EventDate "2023.??.??"]
[SourceVersionDate "2023.06.22"]
[WhiteTeam "Aachener SV 2"]
[BlackTeam "Klub Kölner SF 2"]

1. d4 Nf6 2. c4 g6 3. Nc3 d5 4. cxd5 Nxd5 5. Na4 Nf6 6. Bf4 Bg7 7. Rc1 c6 8. e3
Nbd7 9. Be2 O-O 10. Nc3 Qa5 11. Qd2 Re8 12. Nf3 Nh5 13. Bg5 e5 14. d5 Nb6 15.
dxc6 bxc6 16. Ne4 Qxd2+ 17. Nfxd2 f5 18. Nd6 Re6 19. Nxc8 Rxc8 20. Bxh5 gxh5
21. e4 Rg6 22. Bh4 Bh6 23. exf5 Rxg2 24. Bg3 h4 25. Bxh4 Rg4 26. Bf6 Rd4 27.
Rg1+ Kf7 28. Bg5 Bxg5 29. Rxg5 Rh4 30. Nf3 Kf6 31. Nxh4 Kxg5 32. Nf3+ Kxf5 33.
Rc5 Nd5 34. Nd2 Nb4 35. Ke2 Nd5 36. Nc4 Ke6 37. Ra5 Rc7 38. Ra3 Rf7 39. Na5 Nb4
40. Rc3 c5 41. a3 Na6 42. Re3 Kd5 43. Rd3+ Ke4 44. Nc4 Rxf2+ 45. Kxf2 Kxd3 46.
Nxe5+ Kc2 47. Nc6 Kxb2 48. a4 c4 0-1

[Event "Aachen 2- KKS 2"]
[Site "?"]
[Date "2023.05.07"]
[Round "8.7"]
[White "Pfaar, Zeno"]
[Black "Breitkopf-Lazar, Patrick-Robert"]
[Result "1-0"]
[WhiteElo "1874"]
[BlackElo "1714"]
[PlyCount "85"]
[EventDate "2023.??.??"]
[SourceVersionDate "2023.06.22"]
[WhiteTeam "Klub Kölner SF 2"]
[BlackTeam "Aachener SV 2"]

1. e4 e5 2. Nc3 Nf6 3. Bc4 Nxe4 4. Qh5 Nd6 5. Bb3 Be7 6. Nf3 Nc6 7. Nxe5 Nxe5
8. Qxe5 O-O 9. O-O Bf6 10. Qf4 g6 11. d3 Bg7 12. Be3 Nf5 13. g4 Ne7 14. Bd4 d5
15. Bxg7 Kxg7 16. Nb5 Bd7 17. Nxc7 Rc8 18. Qd4+ Kg8 19. Nxd5 Nxd5 20. Qxd5 Bxg4
21. Qxd8 Rfxd8 22. Rfe1 Kf8 23. Re3 Bf5 24. Rae1 Rc7 25. f3 h6 26. Kf2 b6 27.
Rd1 a5 28. a4 Rcd7 29. Bc4 Rd4 30. Bb5 Rb4 31. b3 Rbd4 32. c3 R4d6 33. Bc4 Rc8
34. Rde1 Rcd8 35. d4 R6d7 36. Bb5 Rc7 37. Re8+ Rxe8 38. Rxe8+ Kg7 39. c4 Kf6
40. d5 Bd7 41. d6 Rb7 42. Re7 Bc8 43. d7 1-0

[Event "Aachen 2- KKS 2"]
[Site "?"]
[Date "2023.05.07"]
[Round "8.8"]
[White "Rache, Ralf"]
[Black "Terwange, Bertrand"]
[Result "0-1"]
[WhiteElo "1921"]
[BlackElo "1873"]
[PlyCount "86"]
[EventDate "2023.??.??"]
[SourceVersionDate "2023.06.22"]
[WhiteTeam "Aachener SV 2"]
[BlackTeam "Klub Kölner SF 2"]

1. e4 e5 2. f4 d5 3. exd5 exf4 4. Nf3 Nf6 5. Bc4 Nxd5 6. Qe2+ Be6 7. Bb3 Nc6 8.
O-O Bc5+ 9. Kh1 Qd6 10. c3 O-O-O 11. d4 Bb6 12. Na3 Bg4 13. Nc4 Qf6 14. Nxb6+
axb6 15. Bxd5 Rxd5 16. Qe4 Rd7 17. Qxf4 Qxf4 18. Bxf4 Bxf3 19. gxf3 {(=)} Re7
20. Rfe1 Rhe8 21. Bg3 Re2 22. Kg1 Kd7 23. b4 R2e3 24. Kf2 Rxc3 25. Rxe8 Kxe8
26. Bxc7 Nxd4 27. Bxb6 Nxf3 28. a4 Nxh2 29. Bd4 Ng4+ 30. Ke2 Rc4 31. Bxg7 f6
32. Rd1 h5 33. Rd5 Rc7 34. Rxh5 Rxg7 35. Rc5 Rd7 36. b5 Ne5 37. a5 Ke7 38. a6
bxa6 39. bxa6 Ra7 40. Ra5 Nc6 41. Ra4 Nb8 42. Rh4 Rxa6 43. Rh7+ Ke6 0-1

[Event "Bochum 2- Holsterhausen"]
[Site "?"]
[Date "2023.05.07"]
[Round "8.1"]
[White "Schwalen, Peter"]
[Black "Kraemer, Matthias"]
[Result "1/2-1/2"]
[WhiteElo "2092"]
[BlackElo "2239"]
[PlyCount "111"]
[SourceVersionDate "2023.06.22"]

1. e4 c5 2. Nf3 Nc6 3. d4 cxd4 4. Nxd4 e6 5. Nxc6 bxc6 6. f4 d5 7. e5 h5 8. Bd3
Bc5 9. Nc3 a5 10. Na4 Ba7 11. b3 Ne7 12. Ba3 Nf5 13. g3 h4 14. Qf3 Bb7 15. Bxf5
exf5 16. Bc5 Bxc5 17. Nxc5 Qb6 18. Nxb7 Qxb7 19. O-O Rh6 20. Rad1 hxg3 21. hxg3
a4 22. Rf2 axb3 23. axb3 Qb6 24. Kg2 Ke7 25. Rh1 Rxh1 26. Kxh1 Qd4 27. Kg2 Ra1
28. Rf1 Ra2 29. Rf2 g6 30. Kh2 Ra1 31. Rf1 Ra2 32. Rf2 Ke6 33. Qg2 Ra8 34. Qf3
Ra5 35. Qg2 Rc5 36. Re2 Qd1 37. Qf2 Rc3 38. Kg2 Ke7 39. Rd2 Qc1 40. Qa7+ Kf8
41. Qf2 Kg7 42. Qe2 d4 43. Qf2 c5 44. e6 fxe6 45. b4 Qa3 46. bxc5 Qxc5 47.
Qxd4+ Qxd4 48. Rxd4 Rxc2+ 49. Kh3 Rc3 50. Kh4 g5+ 51. fxg5 Rc1 52. g4 Rh1+ 53.
Kg3 Rg1+ 54. Kf3 Kg6 55. gxf5+ exf5 56. Rd8 1/2-1/2

[Event "Bochum 2- Holsterhausen"]
[Site "?"]
[Date "2023.05.07"]
[Round "8.2"]
[White "Spieß, Timo"]
[Black "Walbaum, Klaus"]
[Result "1/2-1/2"]
[WhiteElo "2199"]
[BlackElo "2107"]
[PlyCount "34"]
[SourceVersionDate "2023.06.22"]

1. e4 c5 2. Nf3 e6 3. d3 Nc6 4. Nbd2 g6 5. g3 Bg7 6. Bg2 Nge7 7. O-O O-O 8. Re1
d6 9. c3 Rb8 10. Nb3 b5 11. d4 cxd4 12. cxd4 a5 13. Be3 a4 14. Nbd2 e5 15. dxe5
dxe5 16. Bc5 Re8 17. b4 h6 1/2-1/2

[Event "Bochum 2- Holsterhausen"]
[Site "?"]
[Date "2023.05.07"]
[Round "8.3"]
[White "Kortenbusch, Christoph"]
[Black "Schaefers, Andreas"]
[Result "1-0"]
[WhiteElo "2074"]
[BlackElo "2063"]
[PlyCount "39"]
[SourceVersionDate "2023.06.22"]

1. e4 c5 2. Nc3 a6 3. Nge2 b5 4. g3 Bb7 5. Bg2 Nf6 6. d3 e6 7. h3 d5 8. exd5
Nxd5 9. O-O Be7 10. Re1 O-O 11. a4 b4 12. Ne4 Nc6 13. c4 bxc3 14. bxc3 f5 15.
Nd2 Bf6 16. Rb1 Na5 17. Rxb7 Nxb7 18. c4 Rb8 19. cxd5 exd5 20. Nf4 1-0

[Event "Bochum 2- Holsterhausen"]
[Site "?"]
[Date "2023.05.07"]
[Round "8.4"]
[White "Goralski, Christian"]
[Black "Sicars, Thorsten"]
[Result "1/2-1/2"]
[WhiteElo "2134"]
[BlackElo "2020"]
[PlyCount "66"]
[SourceVersionDate "2023.06.22"]

1. e4 e5 2. d4 exd4 3. Qxd4 Nc6 4. Qe3 Bb4+ 5. Nc3 Nge7 6. Bd2 O-O 7. O-O-O d6
8. Qg3 Kh8 9. h4 Be6 10. Nh3 a5 11. h5 h6 12. Nf4 Qe8 13. Bb5 Bd7 14. a3 Bc5
15. Ncd5 Nxd5 16. Nxd5 Nd4 17. Bd3 Qd8 18. f4 c6 19. Ne3 b5 20. f5 Rg8 21. Ng4
f6 22. Nf2 d5 23. Rh4 Qf8 24. Bc3 b4 25. Bxd4 Bxd4 26. a4 Qc5 27. Ng4 dxe4 28.
Bxe4 Rad8 29. Qf3 Rge8 30. Bd3 Re7 31. Rhh1 Be8 32. Kb1 Bf7 33. Qf4 Be3 1/2-1/2

[Event "Bochum 2- Holsterhausen"]
[Site "?"]
[Date "2023.05.07"]
[Round "8.5"]
[White "Bobzin, Pierre"]
[Black "Hinkmann, Jens"]
[Result "1/2-1/2"]
[WhiteElo "2105"]
[BlackElo "2073"]
[PlyCount "29"]
[SourceVersionDate "2023.06.22"]

1. Nf3 d5 2. g3 Nc6 3. Bg2 e5 4. d3 f6 5. O-O Be6 6. Nbd2 Qd7 7. e4 dxe4 8.
dxe4 O-O-O 9. c3 h5 10. h4 Nh6 11. Qa4 Nf7 12. Nc4 Nb8 13. Qxd7+ Rxd7 14. Ne3
Nd6 15. Nd2 1/2-1/2

[Event "Bochum 2- Holsterhausen"]
[Site "?"]
[Date "2023.05.07"]
[Round "8.6"]
[White "Peters, Michael"]
[Black "Lindenmaier, Reinhard"]
[Result "1/2-1/2"]
[WhiteElo "1991"]
[BlackElo "2060"]
[PlyCount "49"]
[SourceVersionDate "2023.06.22"]

1. d4 d6 2. c4 e5 3. dxe5 dxe5 4. Qxd8+ Kxd8 5. Nc3 Be6 6. e3 c6 7. Nf3 f6 8.
a3 a5 9. b3 Nd7 10. Na4 Nc5 11. Nxc5 Bxc5 12. Be2 Nh6 13. O-O Kc7 14. Bb2 Rhd8
15. Rfd1 Rxd1+ 16. Rxd1 Bf5 17. Ne1 Be7 18. f3 Bc5 19. Kf2 e4 20. a4 exf3 21.
gxf3 Re8 22. Bd4 Bxd4 23. Rxd4 Nf7 24. Bd3 Bxd3 25. Nxd3 1/2-1/2

[Event "Welper- Herzogenrath"]
[Site "?"]
[Date "2023.05.07"]
[Round "8.1"]
[White "Meirick, Ingo"]
[Black "Fuellgrabe, Thomas"]
[Result "0-1"]
[WhiteElo "2179"]
[BlackElo "2197"]
[PlyCount "62"]
[SourceVersionDate "2023.06.22"]

1. d4 Nf6 2. c4 e6 3. g3 d5 4. Bg2 dxc4 5. Nf3 c5 6. O-O Nc6 7. dxc5 Qxd1 8.
Rxd1 Bxc5 9. Nbd2 c3 10. bxc3 O-O 11. Nb3 Be7 12. Nfd4 Nxd4 13. cxd4 Nd5 14. e4
Nc3 15. Re1 Bd7 16. Bd2 Rac8 17. Nc5 Bxc5 18. Bxc3 Ba3 19. Re3 b6 20. Rb1 Rc7
21. Bb4 Bxb4 22. Rxb4 Rc1+ 23. Bf1 f5 24. exf5 Rxf5 25. Re5 Rxe5 26. dxe5 Bc6
27. f4 Ra1 28. f5 exf5 29. Rb2 Bd5 30. Rd2 Bc4 31. e6 Kf8 0-1

[Event "Welper- Herzogenrath"]
[Site "?"]
[Date "2023.05.07"]
[Round "8.2"]
[White "Kemna, Guido"]
[Black "Horbach, Fabian"]
[Result "0-1"]
[WhiteElo "2148"]
[BlackElo "1957"]
[PlyCount "164"]
[SourceVersionDate "2023.06.22"]

1. e4 c5 2. Nf3 e6 3. Nc3 a6 4. g3 b5 5. Bg2 Bb7 6. d3 Nf6 7. O-O Be7 8. h3 d6
9. Nh2 Nc6 10. f4 Qb6 11. Be3 O-O 12. g4 Nd4 13. f5 exf5 14. gxf5 Rfe8 15. Rf2
b4 16. Ne2 Nd7 17. Ng4 Bh4 18. Rf1 Ne5 19. Nf4 Nxg4 20. Bxd4 Bf6 21. Qxg4 Bxd4+
22. Kh1 Bxb2 23. Rab1 Bf6 24. Nh5 Qd8 25. Nxg7 Kh8 26. Nxe8 Qxe8 27. Qf4 Be5
28. Qh4 f6 29. Bf3 Qg8 30. c4 a5 31. Rg1 Qf7 32. Bh5 Qd7 33. Bg6 Rg8 34. Rg4
Bd4 35. Re1 a4 36. Qh6 Qg7 37. Qf4 Qe7 38. Qh6 Qg7 39. Qf4 Qe7 40. Rh4 Rg7 41.
Rb1 Bc6 42. Qh6 a3 43. Rg4 Ba4 44. Rg2 Be8 45. Bxe8 Rxg2 46. Kxg2 Qxe8 47. Kf3
Qg8 48. h4 Be5 49. Qh5 Qg3+ 50. Ke2 Qg2+ 51. Kd1 Kg7 52. Qe8 Qf3+ 53. Kd2 Bf4+
54. Kc2 Qe2+ 55. Kb3 Qxd3+ 56. Ka4 Qxb1 57. Qe7+ Kh6 58. Qxf6+ Kh5 59. Qf7+ Kg4
60. Qg7+ Kf3 61. f6 Be5 62. Qg5 Qxe4 63. f7 Qa8+ 64. Kb3 Qf8 65. Qf5+ Kg3 66.
Qxh7 Bg7 67. h5 Qxf7 68. h6 Qf3+ 69. Ka4 Be5 70. Qg8+ Kh4 71. h7 Qc3 72. Qd8+
Kh5 73. h8=Q+ Bxh8 74. Qxd6 Bd4 75. Kb5 b3 76. Qh2+ Kg5 77. Qg2+ Kf4 78. Qh2+
Ke4 79. Qg2+ Kd3 80. Qf1+ Kc2 81. Qe2+ Qd2 82. Qe4+ Kb2 0-1

[Event "Welper- Herzogenrath"]
[Site "?"]
[Date "2023.05.07"]
[Round "8.3"]
[White "Haverkamp, Klaus"]
[Black "Schaller, Fabian"]
[Result "0-1"]
[WhiteElo "1838"]
[BlackElo "2077"]
[PlyCount "132"]
[SourceVersionDate "2023.06.22"]

1. e4 c5 2. Nf3 Nc6 3. d4 cxd4 4. Nxd4 Nf6 5. Nc3 e5 6. Ndb5 d6 7. Bg5 a6 8.
Na3 b5 9. Bxf6 gxf6 10. Nd5 f5 11. c3 Bg7 12. Bd3 Be6 13. Nc2 Bxd5 14. exd5 Ne7
15. Qh5 e4 16. Be2 f4 17. Rd1 Ng6 18. Nd4 O-O 19. Bg4 Qf6 20. O-O Rfe8 21. Qf5
Re5 22. Qxf6 Bxf6 23. Rfe1 Rg5 24. Nf5 Ne5 25. Bh3 Nf3+ 26. Kh1 Nxe1 27. Rxe1
Be5 28. Rxe4 Kh8 29. f3 Rgg8 30. Nh6 Rgf8 31. Kg1 Ra7 32. Bf5 Rc7 33. Ng4 f6
34. Nf2 Rc5 35. Be6 Rc4 36. Re2 b4 37. Nd1 bxc3 38. bxc3 Rb8 39. Bf5 Rc5 40. h4
Rxd5 41. Bc2 Rc5 42. Kh2 Kg7 43. Kh3 h5 44. Bb3 a5 45. Rd2 Kf8 46. Rd3 Ke7 47.
Kh2 Rbc8 48. Rd2 Bxc3 49. Nxc3 Rxc3 50. Rd4 Re3 51. Rxf4 Re5 52. Rd4 Rcc5 53.
Kg3 Re2 54. Bc4 Rb2 55. Bb3 f5 56. Kh3 Re5 57. Kg3 Ree2 58. Kf4 Rxg2 59. Kxf5
Rbe2 60. Rc4 Re5+ 61. Kf4 Kd8 62. Rc6 Kd7 63. Ra6 Rd2 64. Ra7+ Kc6 65. Ra6+ Kc7
66. Bf7 Rd4+ 0-1

[Event "Welper- Herzogenrath"]
[Site "?"]
[Date "2023.05.07"]
[Round "8.4"]
[White "Linde, Wolfgang"]
[Black "Arns, Danny"]
[Result "1-0"]
[WhiteElo "2053"]
[BlackElo "1857"]
[Annotator "daniel"]
[PlyCount "107"]
[SourceVersionDate "2023.06.22"]

1. d4 d5 2. Nf3 e6 3. c4 Nf6 4. e3 Be7 5. b3 O-O 6. Bd3 b6 7. O-O Bb7 8. cxd5
exd5 9. Ba3 Bxa3 10. Nxa3 Qe7 11. Nb5 c6 12. Nc3 Ne4 13. Rc1 Nd7 14. Qe2 f5 15.
Rfd1 Ndf6 16. Ne5 c5 $11 17. f4 cxd4 18. Bxe4 Nxe4 19. Nxe4 fxe4 20. Rxd4 Rac8
21. Rcd1 Rfd8 22. h3 Rc7 23. Kh2 Rdc8 24. R1d2 Qe6 25. b4 a6 26. Rb2 b5 27.
Rdd2 Rc3 28. Rdc2 Rxc2 29. Rxc2 Rxc2 30. Qxc2 Qc8 31. Qxc8+ Bxc8 32. Nc6 Kf7
33. Nd4 h5 34. Kg3 g6 35. Kh4 Kf6 36. a3 Bd7 37. Nb3 Bc8 38. g4 hxg4 39. hxg4
Bd7 40. g5+ Ke7 $11 41. Kg3 Bc8 42. Kf2 Kd6 43. Ke2 Kc6 44. Nd4+ Kd6 45. Kd2
Bg4 46. Nb3 Kc6 47. Kc3 Bd1 48. Na5+ Kd6 49. Kd4 Bg4 50. Nb7+ Kc6 51. Nc5 Bc8
52. Ke5 a5 53. Nb3 axb4 54. axb4 1-0

[Event "Welper- Herzogenrath"]
[Site "?"]
[Date "2023.05.07"]
[Round "8.5"]
[White "Schmitt, Lars"]
[Black "Schaller, Torsten"]
[Result "1/2-1/2"]
[WhiteElo "1811"]
[BlackElo "1968"]
[PlyCount "34"]
[SourceVersionDate "2023.06.22"]

1. d4 Nf6 2. c4 e6 3. Nc3 Bb4 4. e3 c5 5. Nge2 b6 6. a3 Ba5 7. Rb1 Na6 8. Bd2
Bxc3 9. Nxc3 Bb7 10. d5 d6 11. Bd3 Nc7 12. e4 b5 13. b3 exd5 14. exd5 Qe7+ 15.
Be3 Qe5 16. Rc1 O-O 17. O-O Rfe8 1/2-1/2

[Event "Welper- Herzogenrath"]
[Site "?"]
[Date "2023.05.07"]
[Round "8.6"]
[White "Conrad, Joachim"]
[Black "Samraoui, Mekki"]
[Result "1/2-1/2"]
[WhiteElo "2026"]
[BlackElo "2054"]
[PlyCount "24"]
[SourceVersionDate "2023.06.22"]

1. d4 Nf6 2. Bg5 Ne4 3. Bf4 e6 4. e3 b6 5. Bd3 Bb7 6. Nf3 Be7 7. O-O g5 8. Be5
f6 9. Bxe4 Bxe4 10. Nfd2 Bg6 11. Bg3 h5 12. f3 h4 1/2-1/2

[Event "Welper- Herzogenrath"]
[Site "?"]
[Date "2023.05.07"]
[Round "8.7"]
[White "Weyer, Hans- Juergen"]
[Black "Sondermann, Dirk"]
[Result "1/2-1/2"]
[WhiteElo "1841"]
[BlackElo "1837"]
[PlyCount "53"]
[SourceVersionDate "2023.06.22"]

1. e4 e6 2. d4 d5 3. Nc3 Bb4 4. e5 c5 5. a3 Bxc3+ 6. bxc3 Qc7 7. Qg4 Ne7 8.
Qxg7 Rg8 9. Qxh7 cxd4 10. Ne2 Nbc6 11. f4 Bd7 12. Qd3 dxc3 13. Nxc3 a6 14. Rb1
O-O-O 15. Qxa6 Nd4 16. Qa8+ Qb8 17. Qxb8+ Kxb8 18. Kd1 Nef5 19. Rb4 Rc8 20. Bd2
Bc6 21. a4 Nxc2 22. Kxc2 d4 23. Rg1 dxc3 24. Bxc3 Ne3+ 25. Kd2 Nxf1+ 26. Rxf1
Rxg2+ 27. Ke3 1/2-1/2